Nenormatívne finančné prostriedky v školstve - prideľovanie a poskytovanie
Ustanovenia § 15 až § 29 nového zákona č. 322/2025 Z. z. o financovaní škôl a školských zariadení sa týkajú prideľovania a poskytovania nenormatívnych finančných prostriedkov zo štátneho rozpočtu pre zriaďovateľov škôl a školských zariadení, ako aj povinností zverejňovania, oznamovania a rozpisovani...
Uložené v:
| Hlavný autor: | |
|---|---|
| Médium: | Kapitola |
| Jazyk: | Slovak |
| Predmet: | |
| Tagy: |
Žiadne tagy, Buďte prvý, kto otaguje tento záznam!
|
MARC
| LEADER | 00000naa a2200000 4500 | ||
|---|---|---|---|
| 001 | 0315248 | ||
| 005 | 20260304085009.6 | ||
| 041 | 0 | |a slo | |
| 044 | |a SK | ||
| 245 | 1 | 0 | |a Nenormatívne finančné prostriedky v školstve - prideľovanie a poskytovanie |c Peter Trizuliak |
| 520 | |a Ustanovenia § 15 až § 29 nového zákona č. 322/2025 Z. z. o financovaní škôl a školských zariadení sa týkajú prideľovania a poskytovania nenormatívnych finančných prostriedkov zo štátneho rozpočtu pre zriaďovateľov škôl a školských zariadení, ako aj povinností zverejňovania, oznamovania a rozpisovania týchto finančných prostriedkov. Z dôvodu ucelenosti a prehľadnosti v oblasti nenormatívneho financovania sa od januára 2026 doplnil nový druh nenormatívneho príspevku, a to príspevok na školský podporný tím a tiež príspevok na deti a žiakov zo sociálne znevýhodňujúceho prostredia. Tieto boli v predchádzajúcom znení zákona súčasťou príspevku na podporné opatrenie. | ||
| 610 | 2 | 0 | |a prostriedky peňažné |
| 610 | 2 | 0 | |a financovanie školstva |
| 610 | 2 | 0 | |a rozpočet štátny |
| 610 | 2 | 0 | |a výchova |
| 610 | 2 | 0 | |a vzdelávanie |
| 610 | 2 | 0 | |a správa verejná |
| 610 | 2 | 0 | |a zákony |
| 100 | 1 | |a Trizuliak, Peter | |